000 00657nam a22001937a 4500
005 20180702160127.0
010 _aENG-123207
020 _a9789382630920
_c995.00
035 _aEN-106739
037 _bDBAD/PUB
082 _a158.4
100 _aRao, M.S.
245 _aSharing leadership ideas and insights:
_cby M.S. Rao
_bmoments and memories on Indian educational institutions through storytelling /
260 _aJaipur
_bAadi Publications
_c2017
270 _aF-11, S.S. Tower, Dhamani Street, Chaura Rasta,
_bJaipur
_e302003
300 _a173p.
_c22cm(Hb)
500 _ait includes References
942 _2ddc
_cEN
_mRAO
_h158.4
999 _c152663
_d152663